Sports Quiz

Random Sports or Football Quiz

AP NFL Coaches of the Year Quiz Stats

 Plays Quiz Updated Feb 6, 2021

Support Sporcle.
Go Orange.
Score 0/64 Timer 07:00
0 Plays Today
Year % Correct
2019John Harbaugh
90.4%
2003Bill Belichick
88.6%
2007Bill Belichick
88.6%
2010Bill Belichick
88.2%
2011Jim Harbaugh
83%
2013Ron Rivera
82.6%
2015Ron Rivera
82.5%
2016Jason Garrett
82.4%
2006Sean Payton
81.5%
2005Lovie Smith
79.9%
2008Mike Smith
79.8%
2017Sean McVay
76.3%
2002Andy Reid
75.2%
1985Mike Ditka
74.9%
1988Mike Ditka
74.9%
2009Marvin Lewis
73.3%
1986Bill Parcells
72.8%
1994Bill Parcells
72.8%
1990Jimmy Johnson
70.7%
1959Vince Lombardi
69.5%
2014Bruce Arians
69.1%
2012Bruce Arians
68.9%
2018Matt Nagy
66.7%
1967George Allen and Don Shula (tie)
62.3%
1964Don Shula
61.8%
1968Don Shula
61.8%
1972Don Shula
61.8%
1992Bill Cowher
60.1%
1981Bill Walsh
59.6%
2020Kevin Stefanski
59%
1982Joe Gibbs
58.6%
1983Joe Gibbs
58.6%
Year % Correct
1966Tom Landry
58.5%
1999Dick Vermeil
56.8%
2004Marty Schottenheimer
52.8%
1993Dan Reeves
47.1%
1998Dan Reeves
47.1%
1971George Allen
41.9%
1963George Halas
37.2%
1965George Halas
37.2%
1987Jim Mora
32.7%
1997Jim Fassel
32%
1969Bud Grant
29.9%
1991Wayne Fontes
27.3%
1973Chuck Knox
26.1%
1980Chuck Knox
26.1%
1984Chuck Knox
26.1%
1996Dom Capers
25.6%
2000Jim Haslett
22.2%
2001Dick Jauron
21.6%
1995Ray Rhodes
18.4%
1958Weeb Ewbank
17.9%
1974Don Coryell
13.5%
1989Lindy Infante
12.6%
1977Red Miller
12.4%
1975Ted Marchibroda
11.9%
1961 Allie Sherman
11.5%
1962Allie Sherman
11.5%
1976Forrest Gregg
9.5%
1970Dick Nolan
9%
1979Jack Pardee
7.2%
1957George Wilson
6.9%
1978Jack Patera
5%
1960Buck Shaw
3%

From the Vault

Clickable Sporcle Quiz Show: Geography

by bhenderson79

We have a feeling that most Sporclers would do just fine on any game show.
Remove Ads.
Support Sporcle.
Get the best of Sporcle when you Go Orange. This ad-free experience offers more features, more stats, and more fun while also helping to support Sporcle. Thank you for becoming a member.

Show Comments

Extras

Top Quizzes Today


Score Distribution

Your Account Isn't Verified!

In order to create a playlist on Sporcle, you need to verify the email address you used during registration. Go to your Sporcle Settings to finish the process.

Report this User

Report this user for behavior that violates our Community Guidelines.

Details: